Rozvoj iniciatívy pracujúcich

Guardado en:
Detalles Bibliográficos
Autor principal: Frajberg, Jerzy
Otros Autores: Petrík, Borislav
Formato: Libro
Lenguaje:eslovaco
Publicado: Bratislava Práca 1985
Edición:1. vyd.
Colección:Človek a práca zv. 1/85
Etiquetas: Agregar Etiqueta
Sin Etiquetas, Sea el primero en etiquetar este registro!

MARC

LEADER 00000nam a2200000 4500
001 c024344
005 20221220082244.5
041 0 |a slo 
044 |a SK 
245 1 0 |a Rozvoj iniciatívy pracujúcich  |c Jerzy Frajberg, Borislav Petrík 
250 |a 1. vyd. 
264 1 |a Bratislava  |b Práca  |c 1985 
300 |a 97 s. 
490 1 |a Človek a práca  |v zv. 1/85 
830 0 |a Človek a práca  |v zv. 1/85 
100 1 |a Frajberg, Jerzy 
700 1 |a Petrík, Borislav